Normal view
MARC view
- MUHAMMAD NAQQASH MUHAMMAD FAISAL NAZAR MUHAMMAD WAQAS
Entry Personal Name
001 - CONTROL NUMBER
- control field: 71212
003 - CONTROL NUMBER IDENTIFIER
- control field: NUST
005 - DATE AND TIME OF LATEST TRANSACTION
- control field: 20210628204615.0
008 - FIXED-LENGTH DATA ELEMENTS
- fixed length control field: 210628|| aca||aabn | a|a d
040 ## - CATALOGING SOURCE
- Original cataloging agency: NUST
- Transcribing agency: NUST
100 ## - HEADING--PERSONAL NAME
- Personal name: MUHAMMAD NAQQASH MUHAMMAD FAISAL NAZAR MUHAMMAD WAQAS
670 ## - SOURCE DATA FOUND
- Source citation: Work cat.: (NUST): MUHAMMAD NAQQASH MUHAMMAD FAISAL NAZAR MUHAMMAD WAQAS , PR-SOF-1741-DETECTION OF SUSPICIOUS CONTENT ON WEBSITES, 2018
